000
00246nam a22001217a 4500
008
171215b xxu||||| |||| 00| 0 eng d
041
_a
eng
080
_a
37
100
_a
46
101
_a
EDU
245
_a
COMM
_c
VERDERBER,R.F
942
_2
udc
_c
BK
999
_c
39045
_d
39045